Southville International School and Colleges
Your cart is empty.
  • Cart
  • Lists
    Public lists Eva Luna New books Lux_list list_1
    Your lists Log in to create your own lists
  • Log in to your account
  • Your cookies
  • Search history
Southville International School and Colleges
  • Advanced search
  • Recent comments
  • Most popular
  • Libraries

Log in to your account

Log in with GOOGLE


If you do not have an external account, but do have a local account, you can still log in:

  1. Home
  2. MARC view: Simulation simplified :
Normal view MARC view ISBD view

Simulation simplified : (Record no. 283684)

[ view plain ]
MARC details
000 -LEADER
fixed length control field 01302cam a2200337 a 4500
001 - CONTROL NUMBER
control field 17191398
003 - CONTROL NUMBER IDENTIFIER
control field PILC
005 - DATE AND TIME OF LATEST TRANSACTION
control field 20150302152743.0
008 - FIXED-LENGTH DATA ELEMENTS--GENERAL INFORMATION
fixed length control field 120228s2013 pau 000 0 eng
010 ## - LIBRARY OF CONGRESS CONTROL NUMBER
LC control number 2012008461
020 ## - INTERNATIONAL STANDARD BOOK NUMBER
International Standard Book Number 9781451144703 (alk. paper)
035 ## - SYSTEM CONTROL NUMBER
System control number (DNLM)101579155
040 ## - CATALOGING SOURCE
Original cataloging agency DNLM/DLC
Transcribing agency DLC
Modifying agency DLC
042 ## - AUTHENTICATION CODE
Authentication code pcc
050 00 - LIBRARY OF CONGRESS CALL NUMBER
Classification number RT 71
Item number .G57 2013
060 10 - NATIONAL LIBRARY OF MEDICINE CALL NUMBER
Classification number WY 18
082 00 - DEWEY DECIMAL CLASSIFICATION NUMBER
Classification number 610.73076
100 1# - MAIN ENTRY--PERSONAL NAME
Personal name Goldsworthy, Sandra,
Dates associated with a name 1961-
245 10 - TITLE STATEMENT
Title Simulation simplified :
Remainder of title student lab manual for critical care nursing /
Statement of responsibility, etc Sandra Goldsworthy, Leslie Graham.
260 ## - PUBLICATION, DISTRIBUTION, ETC. (IMPRINT)
Place of publication, distribution, etc Philadelphia :
Name of publisher, distributor, etc Wolters Kluwer/Lippincott Williams & Wilkins Health,
Date of publication, distribution, etc c2013.
300 ## - PHYSICAL DESCRIPTION
Extent 55 pages :
Dimensions 28 cm.
505 0# - FORMATTED CONTENTS NOTE
Formatted contents note Introduction -- Setting the stage : making it real -- The art of unfolding the simulation scenario -- Debriefing and providing feedback : "making learning stick" -- Evaluation in simulation -- International perspectives on simulation and future directions.
521 ## - TARGET AUDIENCE NOTE
Target audience note Nursing
650 12 - SUBJECT ADDED ENTRY--TOPICAL TERM
Topical term or geographic name as entry element Education, Nursing
General subdivision methods.
650 22 - SUBJECT ADDED ENTRY--TOPICAL TERM
Topical term or geographic name as entry element Computer Simulation.
650 22 - SUBJECT ADDED ENTRY--TOPICAL TERM
Topical term or geographic name as entry element Patient Simulation.
700 1# - ADDED ENTRY--PERSONAL NAME
Personal name Graham, Leslie,
Dates associated with a name 1956-
906 ## - LOCAL DATA ELEMENT F, LDF (RLIN)
a 7
b cbc
c orignew
d 1
e ecip
f 20
g y-gencatlg
942 ## - ADDED ENTRY ELEMENTS (KOHA)
Source of classification or shelving scheme Library of Congress Classification
Koha item type Books
Holdings
Withdrawn status Lost status Source of classification or shelving scheme Damaged status Home library Current library Shelving location Date acquired Source of acquisition Cost, normal purchase price Sub Shelving location Total Checkouts Total Renewals Full call number Barcode Date last seen Date checked out Price effective from Koha item type
    Library of Congress Classification   College Library College Library Reserve Section 03/02/2015 Library Fund 2258.00   1 1 RT 71 .G57 2013 C19178 05/15/2018 09/25/2017 03/02/2015 Books

Simulation simplified :

APA

Goldsworthy S., Graham L., . (2013). Simulation simplified. Philadelphia: Wolters Kluwer/Lippincott Williams & Wilkins Health.

Chicago

Goldsworthy Sandra, Graham Leslie, . 2013. Simulation simplified. Philadelphia: Wolters Kluwer/Lippincott Williams & Wilkins Health.

Harvard

Goldsworthy S., Graham L., . (2013). Simulation simplified. Philadelphia: Wolters Kluwer/Lippincott Williams & Wilkins Health.

MLA

Goldsworthy Sandra, Graham Leslie, . Simulation simplified. Philadelphia: Wolters Kluwer/Lippincott Williams & Wilkins Health. 2013.

  • Place hold
  • Print
  • Cite
  • Add to your cart (remove)
  • Save record
    BIBTEX Dublin Core MARCXML MARC (non-Unicode/MARC-8) MARC (Unicode/UTF-8) MARC (Unicode/UTF-8, Standard) MODS (XML) RIS
  • More searches
    Search for this title in:
    Other Libraries (WorldCat) Other Databases (Google Scholar) Online Stores (Bookfinder.com) Open Library (openlibrary.org)

Exporting to Dublin Core...

SOUTHVILLE LIBRARY

Southville International School and Colleges Library

1281 Tropical Ave. Cor. Luxembourg St., BF Homes International, Las Pinas City

Tel. No. 8256374 / 252358 Loc. 117/146

Powered by Koha